000 00800nam a2200241Ia 4500
003 OSt
005 20220923215641.0
006 a|||||r|||| 00| 0
007 ta
008 220922b |||||||| |||| 00| 0 hin d
024 _a180,579
037 _cTextual
040 _aARTS
_cARTS
_bhin
041 _2hin
_ahin
082 _aO152,3N443x, M66;N0
100 _aशरण, गिरिराज, संपा.
245 0 _aकार्यालय जीवन के एकांकी
246 _aKāryālaya jīvan ke ekāankī
260 _aदिल्ली
_b प्रभात प्रकाशन
_c1990
300 _a144 पृ.
_ccm.
942 _hO152,3N443x, M66;N0
_cTEXL
_2CC
999 _c333957
_d333957